000 00470nam a2200169Ia 4500
005 20240725012835.0
008 240331s9999 xx 000 0 und d
020 _a9789559261582
082 _bTHI
_a200
100 _aThiruchandran,S
245 0 _aPatriarchal World View of Hinduism in Sri Lanka
_cSelvy thiruchandran
260 _aColombo
_bWomen's Education and Research Centre
_c2012
300 _axi, 52 p .,
650 _aWomen
650 _aReligion
942 _cL
999 _c5824
_d5824